000 00736nam a2200229 i 4500
001 bgj
245 1 0 _aOstdeutsches Lesebuch I :
_bVier Jahrhunderte deutscher Dichtung vom Baltikum bis zum Banat /
_cAuswahl und Nachwort von Ernst-Edmund Keil und mit einem Vorwort von Roswitha Wisniewski.
260 _aBonn :
_bKulturstiftung der deutschen Vertriebenen,
_c1983.
300 _a326 s. :
_bil. ;
_c25 cm.
504 _aIndeks.
650 9 _aLiteratura niemiecka
700 1 _aKEIL, Ernst-Edmund.
700 1 _aWISNIEWSKI, Rosowitha.
020 _a3885570246
040 _cBPK
041 0 _ager
044 _aDEU
080 _a821.112.2
920 _a3-88557-024-6
942 _cKS
008 s gw f |000 0 ger
999 _c50314
_d50314
856 _uhttp://koha.tu.koszalin.pl/cgi-bin/koha/opac-detail.pl?biblionumber=50314
_yKatalog online BPK